Možnosti a riziká uplatňovania tzv. daňovej licencie bakalárska práca

Guardado en:
Detalles Bibliográficos
Autor principal: Mitaľova, Lucia
Autor Corporativo: Národohospodárska fakulta EU. Katedra financií
Otros Autores: Geško, Martin
Formato: Libro
Lenguaje:eslovaco
Publicado: Bratislava 2016
Etiquetas: Agregar Etiqueta
Sin Etiquetas, Sea el primero en etiquetar este registro!

MARC

LEADER 00000nbm a2200000 4500
001 0219909
005 20161221100237.3
041 0 |a slo 
044 |a SK 
245 1 0 |a Možnosti a riziká uplatňovania tzv. daňovej licencie  |b bakalárska práca  |c Lucia Mitaľova ; školiteľ: Martin Geško 
264 1 |a Bratislava  |c 2016 
300 |a 53 s. 
100 1 |a Mitaľova, Lucia 
700 1 |a Geško, Martin 
710 2 |a Národohospodárska fakulta EU. Katedra financií